Medicina veterinaria y salud pública

Kaydedildi:
Detaylı Bibliyografya
Yazar: Schwalbe, Calvin W (Yazar)
Materyal Türü: Kitap
Dil:İspanyolca
Baskı/Yayın Bilgisi: Ciudad de México Centro Regional de Ayuda Técnica 1968
Konular:
Etiketler: Etiketle
Etiket eklenmemiş, İlk siz ekleyin!

MARC

LEADER 00000nam a2200000 a 4500
001 UCR9105
003 CL-VaPUC
008 980613e19680000MX |||||||||||||||||spa|d
082 0 4 |a 636.089  |b SCH  |2 21 
100 0 |a Schwalbe, Calvin W  |e author  |9 411305 
245 1 0 |a Medicina veterinaria y salud pública 
300 |a 896 p 
942 |c BK 
945 |d 19980613 00:00:00  |a aalvarez 
260 |a Ciudad de México  |b Centro Regional de Ayuda Técnica  |c 1968 
650 0 |a Medicina veterinaria  |9 402839 
650 7 |a ENFERMEDADES DE LOS ANIMALES  |2 CL-VaPUC  |9 411306 
650 7 |a SANIDAD ANIMAL  |2 CL-VaPUC  |9 395537 
650 7 |a SISTEMAS DE ENFERMEDADES  |2 CL-VaPUC  |9 411307 
650 7 |a PATOLOGIA ANIMAL  |2 CL-VaPUC  |9 404989 
650 0 |a Virosis  |9 340455 
650 0 |a Salud pública  |9 258913 
650 0 |a Alimentación  |9 334197 
650 0 |a Epidemiología   |9 271159 
583 |a last modification  |c 19980613 00:00:00  |k Rodrigo Vera 
999 |c 270339  |d 270337